|
|
|
|
| LEADER |
00657cam a2200217ua 4500 |
| 008 |
060815t1998||||||||||| 001 ||||| c |
| 020 |
|
|
|a 0-07-046479-0
|
| 082 |
|
|
|a 621.392
|b NAV/V
|
| 245 |
1 |
0 |
|a VHDL: analysis and modeling of digital systems /
|
| 250 |
|
|
|a 2nd
|
| 260 |
|
|
|a New York:
|b Mc Graw Hill,
|c 1998.
|
| 300 |
|
|
|a xiii, 632p..
|
| 362 |
1 |
|
|a 1998.
|
| 365 |
|
|
|a $ 18.95
|
| 500 |
|
|
|a Includes bibliographies and index.
|
| 504 |
|
|
|a .
|
| 650 |
0 |
|
|a VHDL
|
| 700 |
0 |
2 |
|a Navabi,, Zainalabedin
|
| 942 |
|
|
|c BK
|
| 999 |
|
|
|c 5974
|d 5974
|
| 952 |
|
|
|0 0
|1 0
|4 0
|6 621_392000000000000_NAV
|7 0
|9 6289
|a KUCL
|b KUCL
|d 2014-05-23
|l 0
|o 621.392 NAV/
|p 11146
|r 2014-05-23
|w 2014-05-23
|y BK
|